| 000 | 00344nam a2200109Ia 4500 | ||
|---|---|---|---|
| 008 | 171211s9999 xx 000 0 und d | ||
| 245 | _aNHibernate 4.x Cookbook - Second Edition | ||
| 245 | _cAlexander Zaytsev, Gunnar Liljas, and Jason Dentler | ||
| 260 | _c2017 | ||
| 650 | _xSOFTWARE | ||
| 856 | _uhttp://down.ebook777.com/062/9781784396428.pdf | ||
| 999 |
_c349356 _d349356 |
||